La economía del despegue : (Registro nro. 8719)
[ vista simple ]
| 000 -LEADER | |
|---|---|
| fixed length control field | 01991nam a2200241Ia 4500 |
| 003 - CONTROL NUMBER IDENTIFIER | |
| control field | OSt |
| 005 - DATE AND TIME OF LATEST TRANSACTION | |
| control field | 20211104143226.0 |
| 008 - FIXED-LENGTH DATA ELEMENTS--GENERAL INFORMATION | |
| fixed length control field | 210310s1967 sp fr 001 0 spa d |
| 040 ## - CATALOGING SOURCE | |
| Original cataloging agency | CO-JMCR |
| Transcribing agency | CO-JMCR |
| 041 1# - LANGUAGE CODE | |
| Language code of text/sound track or separate title | spa |
| Language code of original | eng |
| 082 04 - DEWEY DECIMAL CLASSIFICATION NUMBER | |
| Classification number | 338.9 / |
| Item number | R839e |
| Edition number | 23 |
| 100 1# - MAIN ENTRY--PERSONAL NAME | |
| Personal name | Rostow , W.W. |
| 9 (RLIN) | 18086 |
| Relator term | autor |
| 245 13 - TITLE STATEMENT | |
| Title | La economía del despegue : |
| Remainder of title | hacia el crecimiento autosostenido / |
| Statement of responsibility, etc. | W. W Rostow ; versión española de Carlos Muñoz Linares |
| 260 ## - PUBLICATION, DISTRIBUTION, ETC. | |
| Place of publication, distribution, etc. | Madrid : |
| Name of publisher, distributor, etc. | Alianza Editorial, |
| Date of publication, distribution, etc. | 1967 |
| 300 ## - PHYSICAL DESCRIPTION | |
| Extent | 527 páginas ; |
| Dimensions | 23 cm. |
| 490 0# - SERIES STATEMENT | |
| Series statement | Biblioteca de la ciencia económica |
| 500 ## - GENERAL NOTE | |
| General note | Incluye notas a pie de página e índice de nombres y de materias.<br/>Título original: The economics of take-off into s sustained growth |
| 505 0# - FORMATTED CONTENTS NOTE | |
| Formatted contents note | Los sectores pautadores y el despegue, W.W. Rostow -- Notas sobre el despegue, S. KUZNETS -- La industrialización en los Estados Unidos (1815-60), D.C North -- El despegue en la Gran Bretaña, Phyllis Deane y H. J. Habakkuk -- La actividad del Gobierno y la industrialización en Alemania (1815-70), W, Fischer -- El despegue en Alemania, W. G. Hoffmann -- La hipótesis del despliegue y la experiencia francesa, J. Marc zewski -- El despegue en el Japón (1868-1900), Shigeto Tsuru -- Las primeras fases de la industrialización en Rusia: Consideraciones y reconsideraciones, A. Gerschenkron -- El crecimiento demográfico y la hipótesis del despegue H. Leibenstein -- El progreso tecnico, la función de producción y el desarrollo, H. Leibenstein. -- La estructura agraria y el despegue. M. Boserup -- Agricultura y desarrollo económico, O. G. de Bulhões. -- Formación de capital y despegue, A. K. Cairneross -- Capital social fijo y crecimiento económico, P. H. Cootner. -- Capital extranjero y despegue, E. K. Berrill -- Actas resumidas de los debates, D. C. Hague |
| 650 14 - SUBJECT ADDED ENTRY--TOPICAL TERM | |
| Topical term or geographic name entry element | Desarrollo economico |
| 9 (RLIN) | 18088 |
| 650 24 - SUBJECT ADDED ENTRY--TOPICAL TERM | |
| Topical term or geographic name entry element | Industrialización |
| 9 (RLIN) | 37399 |
| 700 1# - ADDED ENTRY--PERSONAL NAME | |
| Personal name | Muñoz Linares, Carlos, |
| Relator term | traductor |
| 9 (RLIN) | 41415 |
| 942 ## - ADDED ENTRY ELEMENTS (KOHA) | |
| Source of classification or shelving scheme | Dewey Decimal Classification |
| Koha item type | Books |
| Withdrawn status | Lost status | Source of classification or shelving scheme | Damaged status | Not for loan | Collection code | Home library | Current library | Date acquired | Source of acquisition | Full call number | Barcode | Date last seen | Copy number | Koha item type |
|---|---|---|---|---|---|---|---|---|---|---|---|---|---|---|
| Dewey Decimal Classification | Non-fiction | Biblioteca Pública José María del Castillo y Rada | Biblioteca Pública José María del Castillo y Rada | 04/15/2018 | Donación | 338.9 / R839e | 430005976 | 05/16/2024 | Ej.1 | Books |